书目信息 |
| 题名: |
煤矿防爆电气设备安全技术
|
|
| 作者: | ;开滦矿务局培训中心 编 | |
| 分册: | ||
| 出版信息: | 唐山 [开滦矿务局培训中心] 1986 |
|
| 页数: | 295页 | |
| 开本: | 26cm | |
| 丛书名: | ||
| 单 册: | ||
| 中图分类: | TD684 | |
| 科图分类: | ||
| 主题词: | 矿用电气设备:安全设备 | |
| 电子资源: | ||
| ISBN: | ||
| 000 | 00713nam0 2200193 450 | |
| 001 | 0732876833 | |
| 005 | 20070804180256.59 | |
| 100 | @a20070803d1986 km y0chiy0120 ea | |
| 101 | 0 | @achi |
| 102 | @aCN@b130000 | |
| 200 | 1 | @a煤矿防爆电气设备安全技术@Amei kuang fang bao dian qi she bei an quan ji shu@e防爆检查培训讲义@f开滦矿务局培训中心编@Fkai luan kuang wu ju pei xun zhong xin bian |
| 210 | @a唐山@c[开滦矿务局培训中心]@d1986 | |
| 215 | @a295页@d26cm | |
| 517 | 1 | @a防爆检查培训讲义@Afang bao jian cha pei xun jiang yi |
| 606 | 0 | @a矿用电气设备:安全设备 |
| 690 | @aTD684@v3 | |
| 711 | 02 | @a开滦矿务局培训中心@Akai luan kuang wu ju pei xun zhong xin@4编 |
| 801 | 0 | @aCN@bPFT@c20070804 |
| 905 | @a10447@dTD684@e171 | |
| 煤矿防爆电气设备安全技术:防爆检查培训讲义/开滦矿务局培训中心编.-唐山:[开滦矿务局培训中心],1986 |
| 295页;26cm |
| ISBN : |
| ● |
| 相关链接 |
|
|
|
|
正题名:煤矿防爆电气设备安全技术
索取号:TD684/171
 
预约/预借
| 序号 | 登录号 | 条形码 | 馆藏地/架位号 | 状态 | 备注 |
| 1 | 0791146 | 207911465 | 第二样本阅览室/ [索取号:TD684/171] | 在馆 |